[Event "World Senior Championship S65+"]
[Site "Katerini"]
[Date "2014.11.02"]
[Round "9.21"]
[White "Doubleday, William G."]
[Black "Malmdin, Nils-Ake"]
[Result "1-0"]
[WhiteElo "2045"]
[BlackElo "2208"]
[EventDate "2014.10.24"]

1. d4 {[%clk 1:30:54]} Nf6 {[%clk 1:30:27]} 2. c4 {[%clk 1:31:14]} e6
{[%clk 1:30:46]} 3. Nc3 {[%clk 1:31:34]} Bb4 {[%clk 1:31:04]} 4. e3
{[%clk 1:31:53]} O-O {[%clk 1:31:17]} 5. Nge2 {[%clk 1:32:14]} b5
{[%clk 1:31:31]} 6. a3 {[%clk 1:31:38]} Bxc3+ {[%clk 1:25:48]} 7. Nxc3
{[%clk 1:31:59]} bxc4 {[%clk 1:25:31]} 8. Bxc4 {[%clk 1:32:19]} Bb7
{[%clk 1:25:33]} 9. O-O {[%clk 1:32:33]} Ne4 {[%clk 1:17:24]} 10. Bd3
{[%clk 1:31:28]} d5 {[%clk 1:06:45]} 11. f3 {[%clk 1:31:18]} Nd6 {[%clk 1:06:59]}
12. Qe2 {[%clk 1:29:09]} a5 {[%clk 1:05:43]} 13. Bd2 {[%clk 1:28:11]} a4
{[%clk 0:58:23]} 14. Nb5 {[%clk 1:26:41]} Nc8 {[%clk 0:51:04]} 15. Bb4
{[%clk 1:19:50]} Re8 16. Qc2 {[%clk 1:19:55]} c6 {[%clk 0:38:29]} 17. Nc3
{[%clk 1:19:57]} g6 {[%clk 0:31:53]} 18. Nxa4 {[%clk 1:18:23]} Ba6
{[%clk 0:31:15]} 19. Nc5 {[%clk 1:18:00]} Bxd3 {[%clk 0:28:07]} 20. Qxd3
{[%clk 1:15:42]} Qb6 {[%clk 0:28:36]} 21. Rfc1 {[%clk 1:15:07]} Nd6
{[%clk 0:15:43]} 22. b3 {[%clk 1:13:19]} Nc8 {[%clk 0:14:09]} 23. Kh1
{[%clk 1:09:24]} Na7 {[%clk 0:13:00]} 24. Be1 {[%clk 1:08:50]} Qb5
{[%clk 0:12:30]} 25. Qxb5 {[%clk 1:08:06]} cxb5 {[%clk 0:12:19]} 26. a4
{[%clk 1:08:24]} Nbc6 {[%clk 0:11:33]} 27. Kg1 {[%clk 1:07:47]} e5
{[%clk 0:10:11]} 28. Nd7 {[%clk 1:04:57]} bxa4 {[%clk 0:09:33]} 29. Nf6+
{[%clk 1:04:31]} Kg7 {[%clk 0:09:55]} 30. Nxe8+ {[%clk 1:04:51]} Rxe8
{[%clk 0:10:12]} 31. Rxa4 {[%clk 1:04:54]} exd4 {[%clk 0:10:18]} 32. exd4
{[%clk 1:05:04]} Re3 {[%clk 0:09:31]} 33. b4 {[%clk 1:03:05]} Nb5
{[%clk 0:06:15]} 34. Kf2 {[%clk 1:02:34]} Re6 {[%clk 0:06:21]} 35. Ra6
{[%clk 0:56:29]} Ncxd4 {[%clk 0:04:55]} 36. Rxe6 {[%clk 0:56:33]} Nxe6
{[%clk 0:04:11]} 37. Ke3 {[%clk 0:54:45]} Nd6 {[%clk 0:03:09]} 38. Bc3+
{[%clk 0:52:45]} f6 {[%clk 0:03:31]} 39. g3 {[%clk 0:52:47]} d4+ {[%clk 0:03:52]}
40. Bxd4 {[%clk 1:22:50]} Nf5+ {[%clk 0:34:16]} 41. Ke4 {[%clk 1:22:04]} Nfxd4
{[%clk 0:31:25]} 42. Kd5 {[%clk 1:22:20]} Kf7 {[%clk 0:30:42]} 43. Rc4
{[%clk 1:14:41]} Nxf3 {[%clk 0:24:52]} 44. b5 {[%clk 1:14:48]} Ne5
{[%clk 0:24:55]} 45. Rc8 {[%clk 1:14:59]} Ke7 {[%clk 0:18:48]} 46. b6
{[%clk 1:14:55]} Nd7 {[%clk 0:19:06]} 47. b7 {[%clk 1:14:54]} Nef8
{[%clk 0:11:33]} 48. Rc7 {[%clk 1:13:51]} Ke8 {[%clk 0:10:52]} 49. Kd6
{[%clk 1:14:06]} h5 {[%clk 0:10:42]} 50. Rc8+ {[%clk 1:14:19]} Kf7
{[%clk 0:10:59]} 51. Rxf8+ {[%clk 1:14:37]} 1-0

[Event "World Senior Championship S65+"]
[Site "Katerini"]
[Date "2014.11.03"]
[Round "10.7"]
[White "Frumson, Yury"]
[Black "Van Riemsdijk, Herman C."]
[Result "0-1"]
[WhiteElo "2179"]
[BlackElo "2339"]
[EventDate "2014.10.24"]

1. Nf3 {[%clk 1:30:52]} d5 {[%clk 1:30:41]} 2. c4 {[%clk 1:31:14]} d4
{[%clk 1:31:02]} 3. b4 {[%clk 1:31:19]} f6 {[%clk 1:30:59]} 4. e3
{[%clk 1:31:30]} e5 {[%clk 1:31:18]} 5. c5 {[%clk 1:31:34]} a5 {[%clk 1:31:30]}
6. Qa4+ {[%clk 1:31:53]} c6 {[%clk 1:09:14]} 7. Bc4 {[%clk 1:31:56]} Bg4
{[%clk 1:07:42]} 8. b5 {[%clk 1:19:46]} Bxc5 {[%clk 0:58:34]} 9. Bb2
{[%clk 1:03:33]} Bxf3 {[%clk 0:55:14]} 10. gxf3 {[%clk 1:01:01]} Ne7
{[%clk 0:55:12]} 11. Na3 {[%clk 0:58:08]} Nd7 {[%clk 0:51:24]} 12. Qc2
{[%clk 0:42:30]} Qc7 {[%clk 0:36:52]} 13. Rc1 {[%clk 0:42:07]} Qd6
{[%clk 0:37:01]} 14. Nb1 {[%clk 0:36:16]} g6 {[%clk 0:32:28]} 15. h4
{[%clk 0:36:25]} cxb5 {[%clk 0:28:06]} 16. Bxb5 {[%clk 0:36:32]} b6
{[%clk 0:27:13]} 17. Qa4 {[%clk 0:31:12]} Rd8 {[%clk 0:25:56]} 18. Qb3
{[%clk 0:29:08]} Qd5 {[%clk 0:25:37]} 19. Qxd5 {[%clk 0:27:21]} Nxd5
{[%clk 0:25:59]} 20. Bc4 {[%clk 0:27:29]} Nc7 {[%clk 0:25:51]} 21. a4
{[%clk 0:27:03]} Ke7 {[%clk 0:26:10]} 22. Na3 {[%clk 0:26:37]} Nf8
{[%clk 0:24:34]} 23. Ke2 {[%clk 0:26:14]} Nfe6 {[%clk 0:24:57]} 24. Nb5
{[%clk 0:22:48]} Nxb5 25. Bxb5 {[%clk 0:23:03]} Rd6 {[%clk 0:23:21]} 26. Rhd1
{[%clk 0:22:39]} Rhd8 {[%clk 0:22:30]} 27. Bc4 {[%clk 0:21:46]} Ng7
{[%clk 0:19:01]} 28. Bd3 {[%clk 0:21:07]} Nh5 {[%clk 0:18:22]} 29. Bb5
{[%clk 0:20:05]} Kf7 {[%clk 0:18:40]} 30. Bc4+ {[%clk 0:19:38]} Kg7
{[%clk 0:19:03]} 31. Bb5 {[%clk 0:18:42]} Kh6 {[%clk 0:19:17]} 32. Bc4
{[%clk 0:17:34]} dxe3 {[%clk 0:17:43]} 33. dxe3 {[%clk 0:17:06]} Rxd1
{[%clk 0:17:57]} 34. Rxd1 {[%clk 0:17:35]} Rxd1 {[%clk 0:18:00]} 35. Kxd1
{[%clk 0:17:53]} Ng7 {[%clk 0:18:18]} 36. Ke2 {[%clk 0:17:24]} Nf5
{[%clk 0:17:22]} 37. f4 {[%clk 0:17:11]} exf4 {[%clk 0:16:43]} 38. Bxf6
{[%clk 0:17:19]} fxe3 {[%clk 0:16:35]} 39. fxe3 {[%clk 0:10:32]} Bxe3
{[%clk 0:16:52]} 40. Be6 {[%clk 0:39:54]} Bd4 {[%clk 0:45:50]} 41. Bd8
{[%clk 0:39:36]} Kh5 {[%clk 0:45:55]} 42. Bxf5 {[%clk 0:37:57]} gxf5
{[%clk 0:46:19]} 43. Kf3 {[%clk 0:38:20]} Kg6 {[%clk 0:44:30]} 44. Kf4
{[%clk 0:36:54]} h5 {[%clk 0:44:49]} 45. Kf3 {[%clk 0:35:41]} Bc5
{[%clk 0:42:07]} 46. Kf4 {[%clk 0:35:50]} b5 {[%clk 0:40:29]} 47. axb5
{[%clk 0:35:41]} a4 {[%clk 0:40:50]} 48. Bc7 {[%clk 0:27:54]} a3 {[%clk 0:40:51]}
49. Be5 {[%clk 0:27:53]} a2 {[%clk 0:41:09]} 50. Bb2 {[%clk 0:26:27]} Bd6+
{[%clk 0:40:04]} 51. Kf3 {[%clk 0:25:20]} Bc7 {[%clk 0:40:21]} 0-1

[Event "World Senior Championship S65+"]
[Site "Katerini"]
[Date "2014.11.04"]
[Round "11.16"]
[White "Doubleday, William G."]
[Black "Bibilashvili, Giorgi"]
[Result "1/2-1/2"]
[WhiteElo "2045"]
[BlackElo "2169"]
[EventDate "2014.10.24"]

1. d4 {[%clk 1:30:56]} Nf6 {[%clk 1:30:46]} 2. c4 {[%clk 1:31:16]} e6
{[%clk 1:31:06]} 3. Nc3 {[%clk 1:31:33]} Bb4 {[%clk 1:31:19]} 4. e3
{[%clk 1:31:52]} O-O {[%clk 1:31:32]} 5. Nge2 {[%clk 1:32:11]} b6
{[%clk 1:31:25]} 6. a3 {[%clk 1:31:55]} Bxc3+ {[%clk 1:31:45]} 7. Nxc3
{[%clk 1:32:17]} Bb7 {[%clk 1:32:10]} 8. Bd3 {[%clk 1:32:07]} d5 {[%clk 1:32:29]}
9. O-O {[%clk 1:32:20]} Nbd7 {[%clk 1:32:49]} 10. b4 {[%clk 1:21:42]} c5
{[%clk 1:18:39]} 11. dxc5 {[%clk 1:19:39]} dxc4 {[%clk 1:10:24]} 12. Bxc4
{[%clk 1:19:04]} bxc5 {[%clk 1:10:49]} 13. Bb2 1/2-1/2

[Event "World Senior Championship S65+"]
[Site "Katerini"]
[Date "2014.11.04"]
[Round "11.20"]
[White "Krstic, Slobodan"]
[Black "Malmdin, Nils-Ake"]
[Result "0-1"]
[WhiteElo "2038"]
[BlackElo "2208"]
[EventDate "2014.10.24"]

1. e4 {[%clk 1:30:55]} d5 {[%clk 1:29:29]} 2. exd5 {[%clk 1:30:53]} Nf6
{[%clk 1:29:46]} 3. d4 {[%clk 1:30:05]} Bg4 {[%clk 1:30:01]} 4. Nf3
{[%clk 1:27:37]} Qxd5 {[%clk 1:30:05]} 5. Be2 {[%clk 1:27:57]} Nc6
{[%clk 1:30:06]} 6. O-O {[%clk 1:18:37]} O-O-O {[%clk 1:29:46]} 7. c4
{[%clk 1:18:04]} Qf5 {[%clk 1:25:23]} 8. d5 {[%clk 1:05:12]} Bxf3
{[%clk 1:13:48]} 9. Bxf3 {[%clk 0:57:56]} Ne5 {[%clk 1:13:05]} 10. Be2
{[%clk 0:58:05]} e6 {[%clk 1:12:53]} 11. Qa4 {[%clk 0:54:24]} a6 {[%clk 1:05:35]}
12. h3 {[%clk 0:45:27]} exd5 {[%clk 0:53:56]} 13. cxd5 {[%clk 0:44:34]} Nxd5
{[%clk 0:50:52]} 14. f4 {[%clk 0:38:11]} Bc5+ {[%clk 0:47:07]} 15. Kh1
{[%clk 0:36:45]} Nd7 {[%clk 0:47:22]} 16. Bg4 {[%clk 0:27:59]} Qf6
{[%clk 0:47:32]} 17. Rd1 {[%clk 0:25:50]} N5b6 {[%clk 0:47:21]} 18. Qa5
{[%clk 0:25:44]} Qe7 {[%clk 0:41:59]} 19. a3 {[%clk 0:20:55]} h5 {[%clk 0:40:26]}
20. Bf3 {[%clk 0:20:55]} Nf6 {[%clk 0:39:51]} 21. Re1 {[%clk 0:20:19]} Qd6
{[%clk 0:39:49]} 22. Nc3 {[%clk 0:17:41]} Rhe8 {[%clk 0:34:12]} 23. Rd1
{[%clk 0:15:19]} Qe7 {[%clk 0:33:21]} 24. Bd2 {[%clk 0:15:43]} Nc4
{[%clk 0:33:02]} 25. Qa4 {[%clk 0:13:38]} Nxd2 {[%clk 0:33:03]} 26. Re1
{[%clk 0:07:04]} Qxe1+ {[%clk 0:32:18]} 0-1

[Event "World Senior Championship S65+"]
[Site "Katerini"]
[Date "2014.11.04"]
[Round "11.26"]
[White "Kayaman, Metin"]
[Black "Reuben, Stewart"]
[Result "1/2-1/2"]
[WhiteElo "1878"]
[BlackElo "2089"]
[EventDate "2014.10.24"]

1. d4 {[%clk 1:30:59]} Nf6 {[%clk 1:12:15]} 2. c4 {[%clk 1:30:46]} e6
{[%clk 1:12:38]} 3. Nc3 {[%clk 1:30:37]} Bb4 {[%clk 1:13:02]} 4. e3
{[%clk 1:30:04]} O-O {[%clk 1:13:23]} 5. Bd3 {[%clk 1:30:03]} c5 {[%clk 1:13:20]}
6. Nge2 {[%clk 1:28:24]} Nc6 {[%clk 1:09:26]} 7. a3 {[%clk 1:27:18]} Bxc3+
{[%clk 1:09:37]} 8. bxc3 {[%clk 1:27:18]} e5 {[%clk 1:05:44]} 9. O-O
{[%clk 1:22:03]} d6 {[%clk 1:03:46]} 10. f3 {[%clk 1:20:00]} b6 {[%clk 0:58:50]}
11. d5 {[%clk 1:18:32]} Na5 {[%clk 0:49:20]} 12. Ng3 {[%clk 1:18:35]} Ba6
{[%clk 0:48:02]} 13. Qe2 {[%clk 1:18:11]} Qd7 {[%clk 0:45:06]} 14. a4
{[%clk 1:17:18]} Ne8 {[%clk 0:41:26]} 15. e4 {[%clk 1:16:41]} Nb3
{[%clk 0:40:50]} 16. Ra2 {[%clk 1:16:43]} Nxc1 {[%clk 0:40:02]} 17. Rxc1
{[%clk 1:17:10]} g6 {[%clk 0:39:04]} 18. a5 {[%clk 1:15:02]} Nc7 {[%clk 0:37:14]}
19. axb6 {[%clk 1:14:40]} axb6 {[%clk 0:37:38]} 20. Rb2 {[%clk 1:14:02]} Rab8
{[%clk 0:37:15]} 21. Rcb1 {[%clk 1:14:17]} Na8 {[%clk 0:35:51]} 22. Qd2
{[%clk 1:11:47]} Kg7 {[%clk 0:31:17]} 23. Nh5+ {[%clk 1:10:23]} gxh5
{[%clk 0:31:26]} 24. Qg5+ {[%clk 1:10:45]} Kh8 {[%clk 0:31:45]} 25. Qf6+
{[%clk 1:11:06]} 1/2-1/2